=LDR 00000nam 2200000 4500 =001 000733 =005 20250711040055 =035 ##$$a 0010-0725000601 =007 ta =008 250711################a##########0#ind## =020 ##$$a 978-623-472-9 =082 ##$$a 398.209 598 =084 ##$$a 398.209 598 ALL m =245 1#$$a Mari, terbang bersama! /$c All children reading cambodia =250 ##$$a Cetakan pertama =260 ##$$a Rawamangun :$b Badan pengembangan dan pusat bahasa,$c 2022 =300 ##$$a 20 hlm. : $b Ilus. ; $c 22,9 cm. =110 ##$$a All children reading cambodia =990 ##$$a TBM05100510